LDR 01019naa#a2200193#i#450# 001 EN\\bibl\20253 005 20260701103857.3 100 ## _a20260630b2026####ek#y0engy0150####ca 102 ## _aRU 200 1# _aOPTICAL SEED DETECTION: APPLICATION OF PROC GLM FOR STATISTICAL DATA ANALYSIS IN ASSESSING THE EFFICIENCY OF COMBINED SORTING METHODS _eConference article/thesis 210 1# _aVoronezh _cFSBE Institution of Higher Education Voronezh State University of Forestry and Technologies named after G.F. Morozov _d2026 215 ## _a6 с. 608 ## _aConference article/thesis _2local 675 ## _aМеханизация и автоматизация сельского хозяйства. 631.171 _aГибридизация. Гибриды, инбридинг и гетерозис. 631.527.5 _aТеория вероятностей и математическая статистика. 519.2 _z 700 #1 _aNovikova _gT. P. 700 #1 _aBogomolov _gA. A. 700 #1 _aKokoreva _gS. V. 700 #1 _aNovikov _gA. I. 856 4# _abibl.vgltu.ru _u